Paroles de Lego Ninjago 1-1 - Statistiques

Statistiques générales
  • Ce quiz a été pris 567 fois
  • Le résultat moyen est 5 sur 10
Statistiques - réponses
Question Réponse % Correct
Prenez tous les bonbons, prenez tous ce que vous trouvez. Lloyd
91%
Même des leçons apprises par la manière forte sont des leçons apprises. Wu
89%
Mais senseï, on veut savoir lequel de nous est le ninja vert. Kai
59%
Le deuxième duel se joue entre Cole et Zane Kai
59%
Dans ce cas, il ne reste plus qu'à courir ! Jay
49%
C'est à moi que le vert va le mieux. Jay
38%
Sensei avait raison: «Il ne faut jamais remettre au lendemain ce que l'on peut faire le jour même». Zane
36%
Tu as du tomber sur la tête pour oser t'aventurer dans un endroit aussi éloigné de chez toi, petit. Slythraa
30%
Qu'est-ce qui se passe encore ? Nya
22%
Il n'y a pas que d'eux dont on doit se méfier. Cole
13%
Aucun quiz correspondant
Distribution des résultats
% des personnes avec chaque résultat
Percentile par nombre de réponses
Votre historique - résultats
Vous n’avez pas pris ce quiz